Aerobický program pre aktívne zdravie pohyb : výživa : duševná rovnováha

Salvato in:
Dettagli Bibliografici
Natura: Libro
Lingua:ceco
Pubblicazione: Bratislava Šport 1986
Serie:Šport a zdravie
Tags: Aggiungi Tag
Nessun Tag, puoi essere il primo ad aggiungerne!!

MARC

LEADER 00000nam a2200000 4500
001 c104445
005 20260122161415.7
041 0 |a cze 
044 |a SK 
245 1 0 |a Aerobický program pre aktívne zdravie  |b pohyb : výživa : duševná rovnováha  |c Kenneth H. Cooper 
264 1 |a Bratislava  |b Šport  |c 1986 
300 |a 344 s. 
490 1 |a Šport a zdravie 
830 0 |a Šport a zdravie